000 01304nam a2200325 a 4500
001 ebr10728679
003 CaPaEBR
006 m o u
007 cr cn|||||||||
008 130717s2012 gw a sb 001 0 eng d
020 _z9783868381665
020 _z9783110325171
020 _z9783110325928 (e-book)
040 _aCaPaEBR
_cCaPaEBR
035 _a(OCoLC)854568864
050 1 4 _aQC177
_b.F67 2012eb
100 1 _aForrest, Peter.
245 1 4 _aThe necessary structure of the all-pervading aether
_h[electronic resource] :
_bdiscrete or continuous? Simple or symmetric? /
_cPeter Forrest.
260 _aFrankfurt :
_bOntos Verlag,
_c2012.
300 _a226 p. :
_bill.
490 1 _aPhilosophische analyse =
_aPhilosophical analysis ;
_vBd. 49
504 _aIncludes bibliographical references and index.
533 _aElectronic reproduction.
_bPalo Alto, Calif. :
_cebrary,
_d2013.
_nAvailable via World Wide Web.
_nAccess may be limited to ebrary affiliated libraries.
650 0 _aEther (Space)
650 0 _aSpace and time.
655 7 _aElectronic books.
_2local
710 2 _aebrary, Inc.
830 0 _aPhilosophische Analyse ;
_vBd. 49.
856 4 0 _uhttp://site.ebrary.com/lib/rucke/Doc?id=10728679
_zAn electronic book accessible through the World Wide Web; click to view
999 _c151494
_d151494